00824nam a22002534a 4500001000800000007000300008008004100011040001200052041000800064043000700072082001700079110007600096245010300172250001000275260002600285300001700311650002800328650002600356650003200382650003100414942002400445999001700469952008400486ESSALUDta t2014 pe gr 00| 0 spa d aESSALUD aspa cpe a338.927bP73 aPrograma de las Naciones Unidas para el Desarrollo (PNUD)eautor948666 aCambio climático y territorio: en busca de sostenibilidad para el desarrollo humano en el Perú a1 ed. aLima : bPNUD, c2014 a36 páginas aCAMBIO CLIMÁTICO9544 aSALUD AMBIENTAL91651 aDESARROLLO SOSTENIBLE95156 aPOLÍTICA AMBIENTAL93185 cBKe2026-04-15zAFC c22345d22345 2ddc408CGaBCbBCd2026-04-15eDonacionl0o338.927/P73p10685r2026-04-15yBK